000
00290nam a22001337a 4500
008
170926b xxu||||| |||| 00| 0 eng d
020
_a
9780844212579
041
_a
eng
080
_a
37
100
_a
46
101
_a
EDU
245
_a
TEACHING FRENCH CULTURE
_c
STEELE,R
942
_2
udc
_c
BK
999
_c
29988
_d
29988